[Event "European Blitz 2017"]
[Site "Katowice POL"]
[Date "2017.12.15"]
[Round "9.86"]
[White "Golenia, Wojciech"]
[Black "Zawadzka, Jolanta"]
[Result "1-0"]
[BlackTitle "WGM"]
[WhiteElo "1984"]
[BlackElo "2424"]
[WhiteFideId "1175300"]
[BlackFideId "1122320"]
[EventDate "2017.12.15"]
[EventType "blitz"]

1. c4 e5 2. Nc3 Nf6 3. g3 c6 4. Bg2 d5 5. cxd5 cxd5 6. d3 Nc6 7. Bg5 d4 8. Nd5
Be6 9. Nxf6+ gxf6 10. Bd2 Bd5 11. Nf3 h5 12. O-O Qd7 13. e4 dxe3 14. Bxe3 Be7
15. d4 O-O-O 16. dxe5 fxe5 17. Qa4 Kb8 18. Rfd1 Qe6 19. Rac1 a6 20. b4 Bc4 21.
Qc2 Bxa2 22. b5 axb5 23. Qe4 Bd5 24. Qb1 Bc4 25. Qe4 f5 26. Qb1 h4 27. Nd2 Bd3
28. Qa1 e4 29. Nb1 Bf6 30. Nc3 b4 31. Qa4 Bxc3 32. Rxc3 bxc3 33. Ra1 Qc4 34.
Bf4+ Kc8 35. Qa8+ Kd7 36. Qxb7+ Ke6 37. Bh3 Rb8 38. Qg7 Qd4 39. Bxf5+ Kxf5 40.
Qf7+ Qf6 41. g4+ Kxf4 42. Qxf6+ Kxg4 43. Qg6+ Kf4 44. Qf6+ Kg4 45. h3+ Kh5 46.
Qxc6 Rhg8+ 47. Kh2 Rg5 48. Qc7 e3 49. Qxb8 exf2 50. Qf4 f1=N+ 51. Rxf1 Bxf1 52.
Qxf1 c2 53. Qc1 Rc5 54. Kg2 Kg6 55. Kf3 Kf5 56. Qf4+ Ke6 57. Qe3+ Kd6 58. Qc1
Kd5 59. Ke3 Rc3+ 60. Kd2 Rc4 61. Kd3 Rc6 62. Qg5+ Kd6 63. Qc1 Kd5 64. Kd2 Kd4
65. Qb2+ Kd5 66. Kc1 Rc4 67. Qb5+ Kd4 68. Qg5 Kc3 69. Qe3+ Kb4 70. Qb6+ Kc3 71.
Qb2+ Kd3 72. Qf6 Ke3 73. Qe6+ Kd3 74. Qd5+ Kc3 75. Qd6 Kb3 76. Qd3+ Kb4 77. Qd2+
Kb3 78. Qa5 Rc3 79. Qb5+ Ka3 80. Qb2+ 1-0

[Event "European Blitz 2017"]
[Site "Katowice POL"]
[Date "2017.12.15"]
[Round "9.87"]
[White "Lewicki, Miroslaw"]
[Black "Kot, Jerzy"]
[Result "0-1"]
[WhiteTitle "CM"]
[BlackTitle "FM"]
[WhiteElo "2404"]
[BlackElo "2072"]
[WhiteFideId "1113380"]
[BlackFideId "1101595"]
[EventDate "2017.12.15"]
[EventType "swiss"]

1. e4 c5 2. Nf3 g6 3. c4 Bg7 4. Nc3 Nc6 5. Be2 e6 6. O-O Nge7 7. d3 d5 8. exd5
exd5 9. h3 h6 10. Bf4 O-O 11. Qc1 Kh7 12. Re1 f5 13. Bf1 d4 14. Nb5 b6 15. Nc7
Rb8 16. Ne6 Bxe6 17. Bxb8 Qd7 18. Ne5 Nxe5 19. Bxe5 Bxe5 20. Rxe5 Nc6 21. Re1 f4
22. Kh2 g5 23. Qd1 Qd6 24. Qf3 Kg7 25. Qe4 Bf5 26. Qd5 Qxd5 27. cxd5 Nb4 28. d6
Rd8 29. Re7+ Kf6 30. Rd1 a5 31. a3 0-1

[Event "European Blitz 2017"]
[Site "Katowice POL"]
[Date "2017.12.15"]
[Round "9.88"]
[White "Ondrus, Martin"]
[Black "Malyovanyi, Yulian"]
[Result "1-0"]
[WhiteElo "2261"]
[BlackElo "1923"]
[WhiteFideId "14913330"]
[BlackFideId "14171198"]
[EventDate "2017.12.15"]
[EventType "blitz"]

1. e4 c5 2. Nf3 e6 3. d4 cxd4 4. Nxd4 a6 5. Bd3 Nf6 6. O-O Qc7 7. Qe2 d6 8. b3
Nbd7 9. Bb2 g6 10. Nd2 Bg7 11. c4 O-O 12. Rac1 b6 13. Rfd1 Bb7 14. b4 Rac8 15.
N2b3 a5 16. Nb5 Qb8 17. bxa5 bxa5 18. Nxa5 Ba6 19. Ba3 Nc5 20. Bb1 Bxb5 21. cxb5
Qa8 22. Bxc5 dxc5 23. Nc6 Rc7 24. Rxc5 Nd7 25. Ne7+ 1-0

[Event "European Blitz 2017"]
[Site "Katowice POL"]
[Date "2017.12.15"]
[Round "9.89"]
[White "Zarovs, Aleksandrs"]
[Black "Brazdzionis, Andrius"]
[Result "0-1"]
[WhiteElo "1831"]
[BlackElo "2293"]
[WhiteFideId "11604425"]
[BlackFideId "12804479"]
[EventDate "2017.12.15"]
[EventType "blitz"]

1. e4 c5 2. Nf3 g6 3. d4 cxd4 4. Nxd4 Bg7 5. Nc3 Nc6 6. Be3 Nf6 7. Bc4 O-O 8.
Bb3 a5 9. a4 Ng4 10. Nxc6 Nxe3 11. Nxd8 Nxd1 12. Nxd1 Rxd8 13. O-O d6 14. c3 Bd7
15. Ne3 Bc6 16. Nd5 Kf8 17. f3 e6 18. Nb6 Ra6 19. Nc4 d5 20. exd5 Bxd5 21. Rad1
Bf6 22. Nd2 Rad6 23. Bxd5 Rxd5 24. Ne4 Rxd1 0-1

[Event "European Blitz 2017"]
[Site "Katowice POL"]
[Date "2017.12.15"]
[Round "9.90"]
[White "Kucharska, Honorata"]
[Black "Sahidi, Samir"]
[Result "0-1"]
[WhiteTitle "WFM"]
[BlackTitle "FM"]
[WhiteElo "1970"]
[BlackElo "2247"]
[WhiteFideId "1163868"]
[BlackFideId "14936372"]
[EventDate "2017.12.15"]
[EventType "blitz"]

1. e4 c5 2. Nc3 Nc6 3. Bb5 e5 4. Nge2 Nf6 5. O-O Be7 6. d3 O-O 7. a3 Nd4 8. Bc4
d6 9. Nd5 Be6 10. Ng3 b5 11. Ba2 Re8 12. c3 Nc6 13. Nxe7+ Qxe7 14. Bg5 h6 15.
Be3 Bxa2 16. Rxa2 Qe6 17. Ra1 c4 18. d4 exd4 19. cxd4 Na5 20. f3 Nb3 21. Rb1 Nd5
22. Nf5 Nxe3 23. Nxe3 Qf6 24. Nc2 d5 25. e5 Qb6 26. Kh1 a5 27. f4 b4 28. f5 bxa3
29. bxa3 f6 30. e6 Qd6 31. h3 Kh8 32. Re1 Qf4 33. Rf1 Qd2 34. Na1 Qxd1 35. Rfxd1
Nxa1 36. Rxa1 Rab8 37. Rab1 Rb3 38. Rxb3 cxb3 39. Rb1 a4 40. Kg1 Kg8 41. Kf2 Rc8
42. Ke3 Kf8 43. Kd3 Ke7 44. Rb2 Rc1 45. Kd2 Ra1 46. Kc3 Rxa3 47. Kb4 Ra2 48. Rb1
b2 49. Kc3 a3 50. Kb3 Ra1 51. Kc2 h5 52. h4 Kd6 53. g3 0-1

[Event "European Blitz 2017"]
[Site "Katowice POL"]
[Date "2017.12.15"]
[Round "9.91"]
[White "Chyzy, Jakub"]
[Black "Lach, Aleksandra"]
[Result "1-0"]
[BlackTitle "WIM"]
[WhiteElo "2112"]
[BlackElo "2209"]
[WhiteFideId "21806209"]
[BlackFideId "1134299"]
[EventDate "2017.12.15"]
[EventType "blitz"]

1. e4 c5 2. Nf3 a6 3. Nc3 b5 4. d4 cxd4 5. Nxd4 Bb7 6. Bd3 e6 7. O-O d6 8. a3
Nf6 9. Bd2 Be7 10. Kh1 O-O 11. f4 Nbd7 12. Qf3 Nc5 13. Rae1 Nxd3 14. cxd3 Rc8
15. Qh3 Qd7 16. Nf3 Rc5 17. d4 Rh5 18. Qg3 a5 19. e5 Ne8 20. Ne4 Bxe4 21. Rxe4
d5 22. Ree1 b4 23. axb4 axb4 24. Ra1 g6 25. Rfc1 Ng7 26. Qf2 f5 27. Ra6 Qb5 28.
Rac6 Qd3 29. Rc7 Bd8 30. R7c6 h6 31. Qf1 Qxf1+ 32. Rxf1 g5 33. g3 gxf4 34. gxf4
Rh3 35. Kg2 Rh5 36. Ra1 Ne8 37. Bxb4 Rf7 38. Ra8 Rg7+ 39. Kf2 Rd7 40. Rcc8 Rb7
41. Bc3 Kf7 42. Rxd8 Ng7 43. Rdb8 Rd7 44. Rc8 Rb7 45. b4 Rh3 46. Kg2 Rh5 47.
Rcb8 Rc7 48. Bd2 Rc2 49. Rb7+ Kg6 50. Rg8 1-0

[Event "European Blitz 2017"]
[Site "Katowice POL"]
[Date "2017.12.15"]
[Round "9.92"]
[White "Mikhalchishin, Adrian"]
[Black "Goessler, Markus"]
[Result "1-0"]
[WhiteTitle "GM"]
[WhiteElo "2479"]
[BlackElo "2209"]
[WhiteFideId "14602385"]
[BlackFideId "1633260"]
[EventDate "2017.12.15"]
[EventType "blitz"]

1. Nf3 d5 2. d4 Nf6 3. c4 e6 4. Nc3 Bb4 5. Qa4+ Nc6 6. e3 Bd7 7. Qc2 O-O 8. Bd2
a6 9. Rd1 Qe7 10. a3 Bxc3 11. Bxc3 Ne4 12. Bd3 Nxc3 13. Qxc3 Rfe8 14. O-O Rad8
15. b4 dxc4 16. Bxc4 e5 17. Nxe5 Nxe5 18. dxe5 Qxe5 19. Qxe5 Rxe5 20. Rd2 Kf8
21. Rfd1 Re7 22. Rd4 h6 23. e4 Ke8 24. f4 Rc8 25. e5 Bc6 26. Kf2 Rb8 27. g4 Rc8
28. Kg3 Kf8 29. h4 Rce8 30. g5 hxg5 31. hxg5 f6 32. e6 fxg5 33. fxg5 Kg8 34. Rf1
Rf8 35. Rf7 Rfe8 36. g6 b5 37. Bb3 Bb7 38. Rd7 Rxd7 39. exd7 Rd8 40. Rf4+ Kh8
41. Rh4# 1-0

[Event "European Blitz 2017"]
[Site "Katowice POL"]
[Date "2017.12.15"]
[Round "9.94"]
[White "Tymrakiewicz, Rafal"]
[Black "Feuerstack, Aljoscha"]
[Result "0-1"]
[WhiteTitle "FM"]
[BlackTitle "IM"]
[WhiteElo "2272"]
[BlackElo "2438"]
[WhiteFideId "1108832"]
[BlackFideId "4681932"]
[EventDate "2017.12.15"]
[EventType "blitz"]

1. d4 Nf6 2. Bf4 d5 3. e3 c5 4. c3 Nc6 5. Nd2 Bf5 6. Qb3 Qd7 7. Ngf3 c4 8. Qd1
e6 9. h3 h6 10. g4 Bg6 11. Bg2 Be7 12. O-O O-O 13. Ne5 Nxe5 14. dxe5 Ne8 15. Nf3
b5 16. a3 Nc7 17. Nd4 a5 18. Bg3 b4 19. a4 Bd3 20. Re1 Na6 21. f4 Nc5 22. f5
Rad8 23. Qd2 exf5 24. gxf5 Bxf5 25. Rf1 Bd3 26. Rf2 Ne4 27. Bxe4 Bxe4 28. Kh2
Rde8 29. Rg1 Kh8 30. Qe2 Bd8 31. Bf4 Bc7 32. Rfg2 Bxg2 33. Qxg2 g5 34. Bxg5 hxg5
35. Qxg5 Bxe5+ 36. Kh1 Qxh3# 0-1

[Event "European Blitz 2017"]
[Site "Katowice POL"]
[Date "2017.12.15"]
[Round "9.95"]
[White "Wilk, Krzysztof"]
[Black "Polzin, Rainer"]
[Result "0-1"]
[BlackTitle "GM"]
[WhiteElo "2125"]
[BlackElo "2404"]
[WhiteFideId "1116193"]
[BlackFideId "4610741"]
[EventDate "2017.12.15"]
[EventType "blitz"]

1. a3 Nf6 2. b4 a5 3. b5 d6 4. e3 g6 5. c4 Bg7 6. Bb2 O-O 7. d4 e5 8. dxe5 Ng4
9. Nf3 Nxe5 10. Nxe5 dxe5 11. Nc3 Be6 12. Be2 Nd7 13. O-O Nc5 14. Qc2 Qh4 15. g3
Qh3 16. Rfd1 Rad8 17. a4 Rfe8 18. Ba3 Bf8 19. Nd5 Bxd5 20. cxd5 b6 21. Bxc5 Bxc5
22. Qc4 h5 23. Rd2 Kg7 24. Qe4 f5 25. Qg2 Qxg2+ 26. Kxg2 e4 27. Bc4 h4 28. Rad1
Bd6 29. Rh1 Rh8 30. Be2 Kf6 31. g4 h3+ 32. Kf1 Ke5 33. f4+ exf3 34. Bxf3 fxg4
35. Bxg4 Bc5 36. Ke2 Rxd5 37. Rxd5+ Kxd5 38. Kd3 Bd6 39. e4+ Kc5 40. Rc1+ Kb4
41. Rc4+ Ka3 42. Be6 Bxh2 43. Rc2 Be5 44. Kc4 h2 45. Kd5 h1=Q 46. Kxe5 Qh2+ 47.
Rxh2 Rxh2 48. Kf6 Kxa4 49. Kxg6 Kxb5 50. Bd7+ Kb4 51. Kf6 a4 52. e5 a3 53. Bg4
a2 0-1

[Event "European Blitz 2017"]
[Site "Katowice POL"]
[Date "2017.12.15"]
[Round "9.96"]
[White "Kolasinski, Krzysztof"]
[Black "Brodowski, Piotr"]
[Result "0-1"]
[BlackTitle "IM"]
[WhiteElo "2045"]
[BlackElo "2430"]
[WhiteFideId "1122240"]
[BlackFideId "1124480"]
[EventDate "2017.12.15"]
[EventType "blitz"]

1. d4 c5 2. d5 d6 3. e4 Nf6 4. Nc3 g6 5. Bb5+ Bd7 6. Bxd7+ Nbxd7 7. f4 Bg7 8.
Nf3 O-O 9. Qe2 Nb6 10. O-O Re8 11. a4 a5 12. Nb5 e6 13. dxe6 Rxe6 14. Ng5 Re8
15. Rd1 d5 16. e5 d4 17. Nd6 Qxd6 18. Qb5 Qc6 19. exf6 Qxb5 20. axb5 Bxf6 21.
Bd2 Nc4 22. b3 Nxd2 23. Rxd2 Bxg5 24. fxg5 b6 25. Rf1 a4 26. bxa4 Rxa4 27. Rdf2
Re7 28. Rf6 Rb7 29. Rb1 Ra2 30. Rf2 Re7 31. h4 Re4 32. g3 Re3 33. Kg2 Rc3 34.
Kh3 Re3 35. Rf6 Re6 36. Rf2 d3 37. Rbf1 f5 38. gxf6 Rxc2 39. f7+ Kf8 40. Rf3 c4
41. Ra1 Re8 42. fxe8=Q+ Kxe8 43. Ra7 d2 44. Re3+ Kd8 45. Rf3 Ke8 46. Rc7 d1=Q
47. Rff7 Qh1+ 48. Kg4 Qe4+ 49. Kg5 Qe5+ 50. Kh6 Rd2 51. Rxh7 Qe3+ 52. Kg7 Rd7+
53. Rxd7 Kxd7 54. Kxg6+ Kd6 55. g4 c3 56. Rh8 Qe6+ 57. Kh7 Qf7+ 58. Kh6 Qf6+ 59.
Kh7 Qxh8+ 0-1

[Event "European Blitz 2017"]
[Site "Katowice POL"]
[Date "2017.12.15"]
[Round "9.97"]
[White "Maier, Christian"]
[Black "Smolka, Marcin"]
[Result "1-0"]
[WhiteTitle "IM"]
[WhiteElo "2393"]
[BlackElo "2178"]
[WhiteFideId "4601955"]
[BlackFideId "1139681"]
[EventDate "2017.12.15"]
[EventType "blitz"]

1. e4 e5 2. Nf3 Nc6 3. Bc4 Nf6 4. d3 Bc5 5. c3 d6 6. Bb3 a6 7. Nbd2 Ba7 8. Nc4
h6 9. h3 Be6 10. Be3 Qd7 11. Qe2 b5 12. Ncd2 Na5 13. Bc2 c5 14. d4 cxd4 15. cxd4
Rc8 16. Bd3 Qc7 17. O-O O-O 18. dxe5 dxe5 19. Bxa7 Qxa7 20. Nxe5 Rfd8 21. Ndf3
Nc4 22. Rfd1 Qb8 23. Bxc4 bxc4 24. Rxd8+ Rxd8 25. Nxc4 Bxc4 26. Qxc4 Qxb2 27.
Re1 a5 28. e5 Nd7 29. e6 fxe6 30. Qxe6+ Kh7 31. Rd1 Qb7 32. Qf5+ Kh8 33. Ne5 Qb5
34. Nf7+ Kg8 35. Qxb5 1-0

[Event "European Blitz 2017"]
[Site "Katowice POL"]
[Date "2017.12.15"]
[Round "9.98"]
[White "Koziol, Kamil"]
[Black "Jahncke, Giso"]
[Result "0-1"]
[WhiteTitle "FM"]
[BlackTitle "FM"]
[WhiteElo "2305"]
[BlackElo "2403"]
[WhiteFideId "1161555"]
[BlackFideId "24608289"]
[EventDate "2017.12.15"]
[EventType "blitz"]

1. e4 d5 2. exd5 Nf6 3. d4 Bg4 4. Bb5+ Nbd7 5. f3 Bf5 6. Ne2 Nxd5 7. O-O c6 8.
Bd3 Bxd3 9. Qxd3 e6 10. c4 N5f6 11. Nbc3 Be7 12. Be3 Ne5 13. Qc2 Nxc4 14. Bf2
Nb6 15. Rfd1 O-O 16. Rac1 Nbd5 17. Ne4 Qa5 18. N2c3 Rac8 19. Nxf6+ Bxf6 20. Nxd5
exd5 21. a3 Rfe8 22. Re1 g6 23. Qd3 Qb6 24. b4 Qc7 25. Bg3 Qd7 26. Be5 Bxe5 27.
dxe5 Re6 28. Qd4 a6 29. a4 Rce8 30. f4 f6 31. Rc3 fxe5 32. fxe5 Rf8 33. Qh4 Qg7
34. Qg3 Rf5 35. Rce3 Qe7 36. h3 Qxb4 37. Kh2 Qf4 38. Rb3 Qxg3+ 39. Kxg3 b5 40.
a5 Rfxe5 41. Rxe5 Rxe5 42. Rc3 Re6 43. Kf4 Kf7 44. Kg5 Ke7 45. Kh6 Kd6 46. Kxh7
c5 47. g4 d4 48. Rf3 c4 49. h4 d3 50. g5 d2 51. Rf8 Re7+ 52. Kxg6 d1=Q 0-1

[Event "European Blitz 2017"]
[Site "Katowice POL"]
[Date "2017.12.15"]
[Round "9.99"]
[White "Krause, Jonah"]
[Black "Varvadoukas, Theodoros"]
[Result "0-1"]
[WhiteTitle "FM"]
[WhiteElo "2368"]
[BlackElo "2178"]
[WhiteFideId "12907910"]
[BlackFideId "4210735"]
[EventDate "2017.12.15"]
[EventType "blitz"]

1. d4 Nf6 2. c4 c5 3. d5 b5 4. cxb5 a6 5. b6 e6 6. Nc3 Nxd5 7. Nxd5 exd5 8. Qxd5
Nc6 9. Nf3 Rb8 10. e4 Be7 11. Be2 O-O 12. O-O Rxb6 13. b3 Nb4 14. Qd2 Bb7 15. e5
d5 16. exd6 Rxd6 17. Qf4 Bf6 18. Rb1 Nxa2 19. Bb2 Nc3 20. Bc4 Nxb1 21. Bxf6 Rxf6 0-1

[Event "European Blitz 2017"]
[Site "Katowice POL"]
[Date "2017.12.15"]
[Round "9.100"]
[White "Dragnev, Valentin"]
[Black "Korolchuk, Nikolav"]
[Result "1-0"]
[WhiteTitle "IM"]
[WhiteElo "2458"]
[BlackElo "2226"]
[WhiteFideId "1634852"]
[BlackFideId "13500961"]
[EventDate "2017.12.15"]
[EventType "blitz"]

1. e4 d5 2. exd5 Qxd5 3. Nc3 Qa5 4. g3 Nf6 5. Bg2 c6 6. Nf3 Bg4 7. h3 Bh5 8. O-O
Nbd7 9. Re1 e6 10. d3 Bd6 11. Ne4 Nxe4 12. dxe4 Qc7 13. Qd4 Bxf3 14. Bxf3 Bxg3
15. Qxg7 Be5 16. Qg5 Bf6 17. Qg3 Be5 18. Qg5 Bf6 19. Qg3 Be5 20. Qg5 Nf6 21. Kh1
Rg8 22. Qh4 O-O-O 23. Bg5 Rg6 24. Bh5 Rxg5 25. Qxg5 Rg8 26. Qh4 Bxb2 27. Rad1
Be5 28. f4 Bc3 29. Re3 Nxh5 30. Qxh5 Bb4 31. e5 Bc5 32. Rc3 Qa5 33. Qxf7 Qxc3
34. Qxg8+ Kc7 35. Qd8# 1-0

[Event "European Blitz 2017"]
[Site "Katowice POL"]
[Date "2017.12.15"]
[Round "10.1"]
[White "Alekseev, Evgeny"]
[Black "Navara, David"]
[Result "1/2-1/2"]
[WhiteTitle "GM"]
[BlackTitle "GM"]
[WhiteElo "2616"]
[BlackElo "2740"]
[WhiteFideId "4138147"]
[BlackFideId "309095"]
[EventDate "2017.12.15"]
[EventType "blitz"]

1. Nf3 Nf6 2. c4 g6 3. Nc3 d5 4. cxd5 Nxd5 5. e4 Nxc3 6. dxc3 Qxd1+ 7. Kxd1 Nd7
8. Bf4 c6 9. Kc2 f6 10. Nd2 e5 11. Be3 Bc5 12. Nc4 Bxe3 13. Nxe3 Nc5 14. f3 a5
15. Be2 Ke7 16. Rhd1 b5 17. b3 Be6 18. Rd2 Rhd8 19. Rxd8 Rxd8 20. Rd1 Ra8 21.
Bf1 a4 22. b4 Bxa2 23. bxc5 Bb3+ 24. Kc1 Bxd1 25. Kxd1 a3 26. Nc2 b4 27. cxb4 a2
28. Na1 Ra4 29. Bc4 Rxb4 30. Bb3 f5 31. exf5 gxf5 32. Kc2 e4 33. fxe4 fxe4 34.
Bxa2 e3 35. Nb3 Rf4 36. Kd3 Rf2 37. Nc1 Rxg2 38. Ne2 Rxh2 39. Kxe3 Rh5 40. Bb1
h6 41. Nd4 Rxc5 42. Be4 Kd6 43. Nxc6 h5 44. Nd4 Rc3+ 45. Kf4 Rc4 46. Nf3 h4 1/2-1/2

[Event "European Blitz 2017"]
[Site "Katowice POL"]
[Date "2017.12.15"]
[Round "10.3"]
[White "Kovalev, Vladislav"]
[Black "Michalik, Peter"]
[Result "1-0"]
[WhiteTitle "GM"]
[BlackTitle "GM"]
[WhiteElo "2639"]
[BlackElo "2557"]
[WhiteFideId "13504398"]
[BlackFideId "14907526"]
[EventDate "2017.12.15"]
[EventType "blitz"]

1. e4 c6 2. d4 d5 3. exd5 cxd5 4. Bd3 Nc6 5. c3 g6 6. h3 Bf5 7. Bxf5 gxf5 8. Ne2
e6 9. Nd2 Nge7 10. Nf3 Ng6 11. h4 Bd6 12. h5 Nge7 13. Bf4 Rg8 14. g3 f6 15. Qb3
Qc7 16. O-O-O e5 17. Be3 O-O-O 18. dxe5 fxe5 19. Ng5 Rde8 20. Nxh7 d4 21. Nf6
dxe3 22. Qe6+ Kb8 23. Nxe8 Bc5 24. Nf6 Nd8 25. Qd7 Rh8 26. Qxc7+ Kxc7 27. Nd5+
Nxd5 28. Rxd5 Ne6 29. Rxe5 Kd6 30. Rxe3 Bxe3+ 31. fxe3 Ke5 32. Nf4 Ng5 33. Ng6+
Kd5 1-0

[Event "European Blitz 2017"]
[Site "Katowice POL"]
[Date "2017.12.15"]
[Round "10.5"]
[White "Andriasian, Zaven"]
[Black "Tari, Aryan"]
[Result "1-0"]
[WhiteTitle "GM"]
[BlackTitle "GM"]
[WhiteElo "2585"]
[BlackElo "2593"]
[WhiteFideId "13302000"]
[BlackFideId "1510045"]
[EventDate "2017.12.15"]
[EventType "blitz"]

1. e4 c6 2. d3 d5 3. Nd2 e5 4. Ngf3 Bd6 5. g3 Nf6 6. Bg2 O-O 7. O-O Re8 8. Re1
a5 9. a4 Nbd7 10. Nh4 Nc5 11. Qe2 Bg4 12. Qf1 Qb6 13. h3 Be6 14. Kh2 dxe4 15.
dxe4 Qa6 16. Qh1 b5 17. Nf5 Bf8 18. axb5 cxb5 19. b4 Na4 20. bxa5 Qxa5 21. Nb3
Qc7 22. Ne3 Nb6 23. Rb1 Nc4 24. Nd5 Bxd5 25. exd5 Bd6 26. Bg5 Nd7 27. Re2 Nc5
28. Qe1 Na4 29. Nd4 b4 30. Nb5 Qc5 31. Nxd6 Nxd6 32. Qxb4 Qxb4 33. Rxb4 Nc3 34.
Re1 e4 35. Bf4 Nxd5 36. Bxd6 Nxb4 37. Bxb4 f5 38. g4 g6 39. Kg3 Rac8 40. c3 Kf7
41. Kf4 Kf6 42. gxf5 gxf5 43. Bf1 Red8 44. Be2 Rd2 45. Ke3 Rc2 46. Kf4 Rd8 47.
f3 Rdd2 48. Bb5 Rf2 49. Re3 exf3 50. Rxf3 Rxf3+ 51. Kxf3 h5 52. Bd3 Rh2 53. Bf1
h4 54. Bg2 Ke5 55. Bc5 1-0

[Event "European Blitz 2017"]
[Site "Katowice POL"]
[Date "2017.12.15"]
[Round "10.6"]
[White "Zwardon, Vojtech"]
[Black "McShane, Luke J"]
[Result "1-0"]
[WhiteTitle "IM"]
[BlackTitle "GM"]
[WhiteElo "2408"]
[BlackElo "2640"]
[WhiteFideId "325511"]
[BlackFideId "404853"]
[EventDate "2017.12.15"]
[EventType "blitz"]

1. c4 g6 2. g3 Bg7 3. Bg2 Nf6 4. Nc3 O-O 5. d3 d6 6. Bg5 c5 7. Qd2 Nc6 8. Bh6
Qd7 9. h4 Qf5 10. Bxg7 Kxg7 11. e4 Qh5 12. Nd5 Be6 13. Nf4 Qh6 14. Nf3 Bg4 15.
Ng5 Nd4 16. f3 Bd7 17. g4 Ng8 18. Nge6+ Nxe6 19. g5 Qh5 20. Nxh5+ gxh5 21. f4
Nd4 22. f5 Rab8 23. O-O-O b5 24. Rdf1 bxc4 25. dxc4 Rb4 26. f6+ Kh8 27. Kb1 Be6
28. Bf3 Bxc4 29. Bxh5 Bxa2+ 30. Kxa2 Ra4+ 31. Kb1 Ra1+ 32. Kxa1 Nb3+ 33. Ka2
Nxd2 34. fxe7 Nxe7 35. Rxf7 Rxf7 36. Bxf7 Nxe4 37. Re1 Kg7 38. Bb3 d5 39. Bxd5
Nxd5 40. Rxe4 Kg6 41. Re6+ Kg7 42. Rd6 Ne3 43. Ra6 Ng2 44. h5 Nf4 45. Rxa7+ Kg8
46. h6 Ne6 47. Re7 Nf4 48. Rg7+ Kh8 49. Rc7 Kg8 50. Rxc5 Ne6 51. b4 Kf7 52. Rf5+
Ke7 53. Re5 Kd6 54. Rxe6+ Kxe6 55. b5 1-0

[Event "European Blitz 2017"]
[Site "Katowice POL"]
[Date "2017.12.15"]
[Round "10.7"]
[White "Kovalev, Denis"]
[Black "Brunello, Sabino"]
[Result "1/2-1/2"]
[WhiteTitle "IM"]
[BlackTitle "GM"]
[WhiteElo "2504"]
[BlackElo "2553"]
[WhiteFideId "14104059"]
[BlackFideId "813613"]
[EventDate "2017.12.15"]
[EventType "blitz"]

1. Nf3 d5 2. c4 d4 3. e3 Nc6 4. exd4 Nxd4 5. Nxd4 Qxd4 6. Nc3 c6 7. d3 Nh6 8.
Be3 Qd8 9. d4 Nf5 10. Qd2 g6 11. Be2 Bg7 12. Rd1 O-O 13. O-O Nxe3 14. Qxe3 Bf5
15. Rd2 Qd7 16. Rfd1 Rfe8 17. d5 Rac8 18. Qxa7 Bxc3 19. bxc3 cxd5 20. Rxd5 Qc6
21. Rb5 Ra8 22. Qxb7 Qxb7 23. Rxb7 Rxa2 24. Bf3 Rc2 25. c5 Rxc3 26. c6 e5 27.
Bd5 Be6 28. Bxe6 Rxe6 29. c7 Rec6 30. f4 Rxc7 31. Rxc7 Rxc7 32. fxe5 Kf8 33. e6
fxe6 34. Kf2 Ke7 35. Kf3 Kf6 36. h4 Rc3+ 37. Kf2 h5 38. Rd8 e5 39. Rf8+ Ke6 40.
g3 Rc7 41. Ke3 Rf7 42. Re8+ Kf5 43. Rg8 Rf6 44. Rg7 Ra6 45. Kf2 Ra2+ 46. Kf3
Ra3+ 47. Kf2 Ra2+ 48. Ke3 Kf6 49. Rg8 Ra3+ 50. Kf2 Kf5 51. Rg7 e4 52. Rf7+ Ke6
53. Rg7 Kf6 54. Rg8 Rf3+ 55. Kg2 Rf5 56. Re8 Re5 57. Rf8+ Ke7 58. Rg8 Kf7 59.
Ra8 Rb5 60. Ra4 Rb2+ 61. Kf1 Rb3 62. Kf2 e3+ 63. Ke2 Kf6 64. Re4 Kf5 65. Rxe3
Rxe3+ 66. Kxe3 Kg4 67. Kf2 Kh3 68. Kf3 Kh2 69. g4 Kh3 70. gxh5 gxh5 71. Kf2 Kxh4
72. Kg2 Kg4 1/2-1/2

[Event "European Blitz 2017"]
[Site "Katowice POL"]
[Date "2017.12.15"]
[Round "10.8"]
[White "Moskalenko, Alexander"]
[Black "Kovalenko, Igor"]
[Result "0-1"]
[WhiteTitle "IM"]
[BlackTitle "GM"]
[WhiteElo "2522"]
[BlackElo "2639"]
[WhiteFideId "4155351"]
[BlackFideId "14117908"]
[EventDate "2017.12.15"]
[EventType "blitz"]

1. d4 Nf6 2. Bg5 d5 3. Bxf6 gxf6 4. e3 c5 5. dxc5 e6 6. c4 dxc4 7. Qxd8+ Kxd8 8.
Bxc4 Bxc5 9. Nc3 Ke7 10. Nf3 a6 11. Rc1 Nd7 12. Ke2 f5 13. Rhd1 b5 14. Bb3 Bb7
15. Nb1 Rac8 16. g3 Bb6 17. Rxc8 Rxc8 18. Nbd2 Nc5 19. Nd4 Nxb3 20. N2xb3 Kf6
21. Rc1 Rxc1 22. Nxc1 Bd5 23. b3 Kg5 24. Nd3 Be4 25. Ne5 Bc7 26. Nxf7+ Kf6 27.
Ng5 Bd5 28. Nxh7+ Ke7 29. f4 b4 30. Ng5 Kf6 31. Kd3 e5 32. fxe5+ Kxg5 33. e6 Bd6
34. h3 Kf6 35. g4 fxg4 36. hxg4 Bc5 37. e4 Bxe6 38. g5+ Ke5 39. Nc6+ Kd6 40. Na5
Bh3 41. Nc4+ Ke6 42. g6 Bf1+ 43. Kc2 Kf6 44. Ne5 Bd6 45. Nd3 Bxd3+ 46. Kxd3 Kxg6
47. Kc4 Kf6 48. Kd5 Be7 49. Kc6 Ke5 50. Kb6 Kxe4 51. Kxa6 Kd3 52. Kb5 Kc3 0-1

[Event "European Blitz 2017"]
[Site "Katowice POL"]
[Date "2017.12.15"]
[Round "10.9"]
[White "Buhmann, Rainer"]
[Black "Manik, Mikulas"]
[Result "1/2-1/2"]
[WhiteTitle "GM"]
[BlackTitle "GM"]
[WhiteElo "2584"]
[BlackElo "2415"]
[WhiteFideId "4651340"]
[BlackFideId "14900734"]
[EventDate "2017.12.15"]
[EventType "swiss"]

1. Nf3 Nf6 2. c4 g6 3. Nc3 Bg7 4. e4 d6 5. d4 O-O 6. Be2 e5 7. O-O Nc6 8. dxe5
dxe5 9. Bg5 Be6 10. Qxd8 Rfxd8 11. Nd5 Bxd5 12. cxd5 Ne7 13. Rfd1 h6 14. Bxf6
Bxf6 15. Rac1 c6 16. dxc6 Nxc6 17. Bc4 Kg7 18. Bd5 Rac8 19. Kf1 Nb4 20. Rxc8
Rxc8 21. Bb3 Rc7 22. a3 Nc6 23. Rc1 Re7 24. Bd5 Nd4 25. Nxd4 exd4 26. f4 Rd7 27.
b4 g5 28. g3 gxf4 29. gxf4 Be7 30. Ke2 a5 31. bxa5 Bxa3 32. Rb1 f5 33. Kd3 fxe4+
34. Bxe4 Bc5 35. Bxb7 Kf6 36. a6 Re7 37. Be4 Ra7 38. Bb7 Kf5 39. Rb5 1/2-1/2